The federal factor in the government and politics of Peninsular Malaysia

Bibliographic Details
Main Author: Shafruddin, B. H. (Author)
Format: Book
Published: Singapore : Oxford University Press , c1987
Series:East Asian historical monographs
Subjects:

MARC

LEADER 00000cam a2200000 7i4500
001 0000002954
005 20030408093000.0
008 021118s1987
020 |a 0195888529 
090 0 0 |a JQ719.M42   |b S5 
100 0 |a Shafruddin, B. H. ,   |e author 
245 1 4 |a The federal factor in the government and politics of Peninsular Malaysia   |c B. H. Shafruddin 
260 2 |a Singapore :   |b Oxford University Press ,   |c c1987 
300 |a 401 p. ;   |c 22 cm. 
440 0 0 |a East Asian historical monographs 
501 |a Revision of thesis [Ph.D]--University of London, 1982 
504 |a Includes bibliographical references (p. 370) and index 
650 0 |a Federal government   |z Malaysia 
651 0 |a Constitutional history   |z Malaysia 
651 0 |a Malaysia   |x Politics and government 
999 |a 1000021038   |b Book   |c OPEN SHELF (30 DAYS)   |e Gong Badak Campus